Soupisy tisků 16. století Universitní knihovny v Brně Sv. 6 : Tisky 16. stol. v Universitní knihovně v Brně. Díl 1.: A-J

Bibliographic Details
Format: Book
Language:Undetermined
PhysicalDescription:293 s.
Published: Brno Universitní knihovna 1970

MARC

LEADER 00000nam a2200000 a 4500
001 vtls001464684
003 SK-MaSNL
005 20260224114020.0
008 240130s1970 xr 0 und
035 |a SNK000419989 
040 |a SNK  |b slo  |c SNK  |e AACR2 
044 |a xr  |c CZ 
245 1 |a Soupisy tisků 16. století Universitní knihovny v Brně  |n Sv. 6 :  |p Tisky 16. stol. v Universitní knihovně v Brně. Díl 1.: A-J 
260 |a Brno  |b Universitní knihovna  |c 1970 
300 |a 293 s. 
958 |a OND 
999 |c 988421  |d 990351 
952 |t P60, <04>, [BOOK], {604}  |a SNK  |b SNK  |y PREZ  |7 0  |p 17A0406176  |o snkIB 5081/6/1 D1  |i snkKIP 3108/72  |0 0  |1 0  |4 0  |d 2003-12-03  |l 0  |r 2005-01-02 00:00:00  |w 2026-02-24